Loading...
| Fine Arts - Painting and Sculpture | 0 | 9 | 0 | 0 | 90 | 83 | 104.33 | 1 | 7 | 19.62 | 56.36 |
| History - Other | 0 | 7 | 0 | 1 | 70 | 66 | 98.14 | 1 | 4 | 17.35 | 39.09 |
| Science - Physics | 0 | 6 | 0 | 0 | 60 | 71 | 93.00 | 1 | 5 | 14.57 | 40.00 |
| Religion | 0 | 5 | 0 | 2 | 50 | 76 | 106.60 | 1 | 2 | 9.36 | 25.45 |
| Literature - American | 0 | 5 | 0 | 0 | 50 | 96 | 120.80 | 1 | 2 | 5.75 | 24.55 |
| Literature - European | 0 | 5 | 1 | 1 | 45 | 103 | 122.60 | 0 | 1 | 5.80 | 20.00 |
| Literature - British | 0 | 4 | 0 | 2 | 40 | 70 | 116.00 | 0 | 1 | 5.31 | 11.82 |
| Fine Arts - Other | 0 | 4 | 0 | 0 | 40 | 21 | 89.25 | 1 | 2 | 12.12 | 28.18 |
| Mythology | 0 | 4 | 0 | 1 | 40 | 108 | 130.00 | 0 | 0 | 2.17 | 16.36 |
| Science - Other | 0 | 4 | 0 | 0 | 40 | 56 | 89.50 | 0 | 2 | 8.33 | 20.91 |
| History - American | 0 | 4 | 1 | 1 | 35 | 71 | 97.50 | 2 | 2 | 8.30 | 23.64 |
| History - World | 0 | 4 | 1 | 0 | 35 | 72 | 82.00 | 0 | 1 | 12.70 | 24.55 |
| Fine Arts - Classical Music | 0 | 3 | 0 | 1 | 30 | 107 | 120.67 | 0 | 1 | 1.38 | 11.82 |
| Geography | 0 | 3 | 0 | 0 | 30 | 42 | 62.33 | 0 | 2 | 40.09 | 50.00 |
| History - European | 0 | 3 | 1 | 0 | 25 | 26 | 62.33 | 0 | 1 | 14.22 | 14.55 |
| Social Science | 0 | 2 | 0 | 0 | 20 | 110 | 110.50 | 0 | 1 | 2.23 | 8.18 |
| Current Events | 0 | 2 | 0 | 0 | 20 | 81 | 91.50 | 0 | 0 | 19.17 | 46.67 |
| Literature - World | 0 | 2 | 1 | 0 | 15 | 108 | 115.50 | 0 | 0 | 2.29 | 9.09 |
| Philosophy | 0 | 2 | 1 | 0 | 15 | 125 | 130.00 | 0 | 1 | 0.55 | 6.36 |
| Science - Chemistry | 0 | 1 | 0 | 0 | 10 | 111 | 111.00 | 0 | 0 | 0.54 | 5.45 |
| Other Academic | 0 | 1 | 0 | 1 | 10 | 126 | 126.00 | 0 | 0 | 1.16 | 15.00 |
| Science - Biology | 0 | 0 | 0 | 0 | 0 | 0.00 | 0 | 0 | 0.00 | 0.00 |